1992 IEEE International Symposium on Circuits and Systems.

Guardat en:
Dades bibliogràfiques
Autor corporatiu: IEEE International Symposium on Circuits and Systems San Diego, Calif., Institute of Electrical and Electronics Engineers
Altres autors: White, Stanley A.
Format: Actes de congresos Llibre
Idioma:English
Publicat: New York, N.Y. : Institute of Electrical and Electronics Engineers, c1992.
Matèries:
LEADER 02421cam a2200481 a 4500
001 c000230858
003 CARM
005 20070315144314.0
008 930122s1992 nyua b 101 0 eng d
019 1 |a 9725416  |5 LACONCORD2021 
020 |a 0780305949 
020 |a 0780305930 (soft) 
035 |a (OCoLC)26458685  |5 LACONCORD2021 
040 |a SUSA  |b eng  |c SUSA 
082 0 4 |a 621.38  |2 20 
111 2 |a IEEE International Symposium on Circuits and Systems  |n (25th :  |d 1992 :  |c San Diego, Calif.) 
245 1 0 |a 1992 IEEE International Symposium on Circuits and Systems. 
260 |a New York, N.Y. :  |b Institute of Electrical and Electronics Engineers,  |c c1992. 
300 |a 6 v. (3028 p.) :  |b ill. ;  |c 28 cm. 
500 |a Conference held Sheraton Hotel, San Diego, CA, May 10-13, 1992. 
500 |a ISCAS '92 Committee Chairman, Stanley A. White. 
500 |a IEEE catalog no. 92CH3139-3. 
504 |a Includes bibliographical references and author index. 
650 0 |a Electronics  |v Congresses. 
650 0 |a Electronic circuits  |x Congresses. 
650 0 |a Signal processing  |x Congresses. 
650 0 |a Computer-aided design  |v Congresses. 
650 0 |a Integrated circuits  |x Very large scale integration  |v Congresses. 
700 1 |a White, Stanley A. 
710 2 |a Institute of Electrical and Electronics Engineers. 
852 8 |b CARM  |h A1:AQ17F0  |i F01757  |p 0319290  |f BK 
852 8 |b CARM  |h A1:AQ17F0  |i F01757  |p 0319291  |f BK 
852 8 |b CARM  |h A1:AQ17F0  |i F01757  |p 0319292  |f BK 
852 8 |b CARM  |h A1:AQ17F0  |i F01757  |p 0319293  |f BK 
852 8 |b CARM  |h A1:AQ17F0  |i F01757  |p 0319294  |f BK 
852 8 |b CARM  |h A1:AQ17F0  |i F01757  |p 0319295  |f BK 
999 f f |i 41987d4a-0d07-5d62-bc9a-7fd3a454ed4a  |s d83d9ae7-07ff-57e3-9d56-9f77d7203028 
952 f f |p Can circulate  |a CAVAL  |b CAVAL  |c CAVAL  |d CARM 1 Store  |e F01757  |f A1:AQ17F0  |h Other scheme  |i book  |j v.6  |m 0319295 
952 f f |p Can circulate  |a CAVAL  |b CAVAL  |c CAVAL  |d CARM 1 Store  |e F01757  |f A1:AQ17F0  |h Other scheme  |i book  |j v.5  |m 0319294 
952 f f |p Can circulate  |a CAVAL  |b CAVAL  |c CAVAL  |d CARM 1 Store  |e F01757  |f A1:AQ17F0  |h Other scheme  |i book  |j v.3  |m 0319292 
952 f f |p Can circulate  |a CAVAL  |b CAVAL  |c CAVAL  |d CARM 1 Store  |e F01757  |f A1:AQ17F0  |h Other scheme  |i book  |j v.1  |m 0319290 
952 f f |p Can circulate  |a CAVAL  |b CAVAL  |c CAVAL  |d CARM 1 Store  |e F01757  |f A1:AQ17F0  |h Other scheme  |i book  |j v.2  |m 0319291 
952 f f |p Can circulate  |a CAVAL  |b CAVAL  |c CAVAL  |d CARM 1 Store  |e F01757  |f A1:AQ17F0  |h Other scheme  |i book  |j v.4  |m 0319293